Éléments d'épistémologie de la géographie (notice n° 1926311)
[ vue normale ]
| 000 -LEADER | |
|---|---|
| fixed length control field | 01416cam a2200157 4500500 |
| 005 - DATE AND TIME OF LATEST TRANSACTION | |
| control field | 20260329023326.0 |
| 041 ## - LANGUAGE CODE | |
| Language code of text/sound track or separate title | fre |
| 042 ## - AUTHENTICATION CODE | |
| Authentication code | dc |
| 100 10 - MAIN ENTRY--PERSONAL NAME | |
| Personal name | Bailly, Antoine |
| Relator term | author |
| 245 00 - TITLE STATEMENT | |
| Title | Éléments d'épistémologie de la géographie |
| 260 ## - PUBLICATION, DISTRIBUTION, ETC. | |
| Name of publisher, distributor, etc. | Armand Colin,<br/> |
| Date of publication, distribution, etc. | 2018.<br/> |
| 520 ## - SUMMARY, ETC. | |
| Summary, etc. | Comment définir la géographie ? Quels en sont les concepts opératoires ? Quelles interactions entretient-elle avec les disciplines voisines ? Quelle est la place de la géographie au sein du monde scientifique ? Et surtout quel est son rôle dans la compréhension du monde contemporain ? En présentant les grands textes fondateurs, les principales démarches et écoles de la discipline, ainsi que ses notions fondamentales, cette approche épistémologique de la géographie dresse un panorama de l’histoire de la géographie et de ses relations avec l’ensemble des sciences sociales. Véritable outil à l’attention des étudiants de premier cycle et des candidats aux concours de l’enseignement, la nouvelle édition de ce manuel de référence vient également éclairer les débats anciens et nouveaux, décrypter les positions idéologiques, analyser les héritages et les ruptures. |
| 700 10 - ADDED ENTRY--PERSONAL NAME | |
| Personal name | Ferras, Robert |
| Relator term | author |
| 700 10 - ADDED ENTRY--PERSONAL NAME | |
| Personal name | Scariati, Renato |
| Relator term | author |
| 856 41 - ELECTRONIC LOCATION AND ACCESS | |
| Uniform Resource Identifier | <a href="https://shs.cairn.info/elements-d-epistemologie-de-la-geographie--9782200623500?lang=fr&redirect-ssocas=7080">https://shs.cairn.info/elements-d-epistemologie-de-la-geographie--9782200623500?lang=fr&redirect-ssocas=7080</a> |
Pas d'exemplaire disponible.




Réseaux sociaux